| 000 | 00542nam a2200217Ia 4500 | ||
|---|---|---|---|
| 008 | 160319s9999 xx 000 0 und d | ||
| 020 | _a971-23-3654-9 | ||
| 050 | _aFIL QA 276.12 | ||
| 050 | _b.A48 2003 | ||
| 100 | _aAltares, Priscilla S. | ||
| 245 | _aElementary statistics : | ||
| 245 | _ba modern approach / | ||
| 245 | _cPriscilla S. Altares. | ||
| 260 | _aManila: | ||
| 260 | _bRex Book Store, Inc., | ||
| 260 | _c2003 | ||
| 300 | _a271 pages : | ||
| 300 | _billustrations ; | ||
| 300 | _c25 cm. | ||
| 650 | _aStatistics. | ||
| 999 |
_c291861 _d291861 |
||